| 000 | 00897cam a2200277 i 4500 | ||
|---|---|---|---|
| 001 | 4914 | ||
| 003 | BD-RjUL | ||
| 005 | 20211208233957.0 | ||
| 008 | 131223s1975 mau b 001 0 eng | ||
| 035 | _a(BD-RjUL)4949 | ||
| 040 |
_aDLC _cDLC _dDLC _dBD-RjUL _beng |
||
| 041 | _aeng | ||
| 082 | 0 | 0 |
_a343.7307 _bRIC 1975 |
| 100 | 1 |
_aRice, David A. _915499 |
|
| 245 | 1 | 0 |
_aConsumer transactions / _cDavid A. Rice. |
| 260 |
_aBoston : _bLittle, Brown, _c1975. |
||
| 300 |
_axxx, 950 p. ; _c25 cm. |
||
| 490 | 0 | _aLaw school casebook series | |
| 500 | _aKept up to date by cumulative supplements. | ||
| 504 | _aIncludes bibliographical references and indexes. | ||
| 650 | 0 |
_aConsumer protection _xLaw and legislation _zUnited States _xCases. _915500 |
|
| 650 | 0 |
_aConsumer credit _xLaw and legislation _zUnited States _xCases. _915501 |
|
| 942 |
_2ddc _cBK |
||
| 999 |
_c4914 _d4914 |
||